01449nab a22002897a 4500999001500000003000400015005001700019008004100036040000700077100003300084245009800117260007300215300001500288500003800303505034200341505008200683650002300765650003000788650002500818650001800843650003400861650003300895650003000928650002800958773016000986942001301146 c5626d5626OSt20251222234846.0190429b xxu||||| |||| 00| 0 spa d cPJ 94594aAriza Clerici, Rodolfo10aInfluencers y las apuestas ilegales en línea / cRodolfo Ariza Clerici, Maximiliano Ruiz. cCiudad Autónoma de Buenos Aires :aThomson Reuters La Ley, b2025. ap. 145-158 aCita: TR LALEY AR/DOC/2841/2025.  aSumario: I. Introducción.— II. Influencer. Definiciones. Caracteres. Clasificaciones.— III. Influencers en el derecho penal.— IV. Influencers en los juegos de azar en línea ilegal.— V. Primeras notas sobre la responsabilidad del influencer. — VI. Notas finales: entre riesgos emergentes y retos de regulación jurídica.  tSi te interesa el texto completo, solicitalo a koha@justierradelfuego.gov.ar  09343aDERECHO PENAL 09278aDELITOS INFORMATICOS 094498aJUEGOS DE AZAR 09281aINTERNET 092608aDERECHOS DEL CONSUMIDOR 092758aASOCIACIÓN ILÍCITA 09652aPUBLICIDAD COMERCIAL 093064aLAVADO DE ACTIVOS0 0265893164tRevista de derecho penal y criminología. Nº 11 - Diciembre 2025dCiudad Autónoma de Buenos Aires : Thomson Reuters La Ley, 2017-x00347914 2udccANA